000
00308nam a22001337a 4500
008
181022b xxu||||| |||| 00| 0 eng d
020
_a
9780130669971
041
_a
eng
080
_2
9 ED
_a
541
100
_a
12
101
_a
KIM
245
_a
Chemistry The Central Science
_c
Brown,L
942
_2
udc
_c
BK
999
_c
50390
_d
50390